Rychlejší zvuku /

Hlavní autor: Il'jašenko, Sergej Michajlovič
Jazyk: Čeština
Vydáno: Praha : Naše vojsko, 1950
Vydání: 2. vyd.
Edice: Universita vojáka
Fyzický popis: 61, [3] s. : il. ; 8°
Knihy
Uloženo v:
LEADER 01025nam a22002892a 4500
001 001122114
003 CZ BrMZK
005 20250604133516.0
007 ta
008 101014s1950 xr a er|||||||||||cze d
015 |a cnb000502119 
035 |a (OCoLC)85304060 
040 |a ABA001  |b cze  |c BOA001  |d BOA001 
041 1 |a cze  |h rus 
100 1 |a Il'jašenko, Sergej Michajlovič  |7 xx0097805  |4 aut 
245 1 0 |a Rychlejší zvuku /  |c S.M. Iljašenko ; z ruského originálu ... přeložil Václav Bartošek ; ilustroval Miloš Hrbas 
250 |a 2. vyd. 
260 |a Praha :  |b Naše vojsko,  |c 1950 
300 |a 61, [3] s. :  |b il. ;  |c 8° 
490 1 |a Universita vojáka ;  |v sv. 5 
500 |a 10001-15000 výt. 
830 0 |a Universita vojáka 
910 |a BOA001  |b 1-0249.528-50a 
990 |a BK 
991 |b 201010 
996 7 |b 2619371832  |c 1-0249.528-50a  |l MZK  |r Sklad / do 1 hodiny  |n 0  |w 001150376  |u 000020  |a 1  |e BOA001  |j MZK50  |s A 
996 6 |b 2619371833  |c 1-0249.528-50a  |l MZK  |r Sklad / do 1 hodiny  |n 0  |w 001150376  |u 000010  |a 1  |e BOA001  |j MZK50  |s P